MARC details
| 000 -CABECERA |
| campo de control de longitud fija |
02070nam a2200313 4500 |
| 003 - IDENTIFICADOR DEL NÚMERO DE CONTROL |
| campo de control |
EC-UNACH |
| 006 - CÓDIGOS DE INFORMACIÓN DE LONGITUD FIJA--CARACTERÍSTICAS DEL MATERIAL ADICIONAL |
| campo de control de longitud fija |
s||||gr|||| 00| 00 |
| 008 - DATOS DE LONGITUD FIJA--INFORMACIÓN GENERAL |
| campo de control de longitud fija |
150116t9999 mx r gr 000 0 spa d |
| 020 ## - NÚMERO INTERNACIONAL ESTÁNDAR DEL LIBRO |
| Número Internacional Estándar del Libro |
978-958-20-0810-9 |
| 040 ## - FUENTE DE LA CATALOGACIÓN |
| Centro catalogador/agencia de origen |
EC-UNACH |
| Centro/agencia transcriptor |
EC-UNACH |
| 041 ## - CÓDIGO DE LENGUA |
| Código de lengua del texto/banda sonora o título independiente |
Español |
| 082 04 - NÚMERO DE LA CLASIFICACIÓN DECIMAL DEWEY |
| Número de edición |
23 |
| Número de clasificación |
574.07 |
| Número de documento/Ítem |
L018588 |
| 100 ## - ENTRADA PRINCIPAL--NOMBRE DE PERSONA |
| Nombre de persona |
Iafrancesco V., Giovanni M. |
| 245 ## - MENCIÓN DE TÍTULO |
| Título |
Didáctica de la biología |
| Resto del título |
Aportes a su desarrollo |
| 250 ## - MENCIÓN DE EDICIÓN |
| Mención de edición |
Segunda Edición |
| 264 ## - Producción, publicación, distribución, fabricación y copyright |
| Lugar de producción, publicación, distribución, fabricación |
Bogotá, D.C. - Colombia |
| Nombre del de productor, editor, distribuidor, fabricante |
Cooperativa Editorial Magisterio |
| Fecha de de producción, publicación, distribución, fabricación o copyright |
2014 |
| 300 ## - DESCRIPCIÓN FÍSICA |
| Extensión |
164 páginas |
| Otras características físicas |
Tablas, figuras |
| Dimensiones |
24 x 16 centímetros |
| 501 ## - NOTA DE "CON" |
| Nota de “Con” |
Incluye Contenido, Presentación, Bibliografía |
| 505 ## - NOTA DE CONTENIDO CON FORMATO |
| Nota de contenido con formato |
Capítulo 1. De la didáctica general a las didácticas disciplinares -- Capítulo 2. Postulados de la didáctica constructivista aplicados a la didáctica de la biología -- Capítulo 3. La didáctica general y su relación con el diseño y el desarrollo curricular -- Capítulo 4. El planeamiento de las unidades didácticas desde el planeamiento curricular -- Capítulo 5. Estándares curriculares en biología y desarrollo del pensamiento científico en el biólogo -- Capítulo 6. El método científico en la didáctica de la biología y su relación con el desarrollo delas operaciones mentales -- Capítulo 7. Didáctica de la biología, aprendizaje significativo y competencias cognitivas básicas -- Capítulo 8. Didáctica de la biología y desarrollo de las funciones cognitivas y del potencial de aprendizaje -- Capítulo 9. El aprendizaje mediado en la didáctica de la biología -- Capítulo 10. Propuesta de la estrategia didáctica para el aprendizaje de la biología animal: del análisis de tareas a la construcción conceptual |
| 650 ## - PUNTO DE ACCESO ADICIONAL DE MATERIA--TÉRMINO DE MATERIA |
| Término de materia o nombre geográfico como elemento inicial |
DIDÁCTICAS DISCIPLINARES |
| 650 ## - PUNTO DE ACCESO ADICIONAL DE MATERIA--TÉRMINO DE MATERIA |
| Término de materia o nombre geográfico como elemento inicial |
DIDÁCTICA DE LA BIOLOGÍA |
| 650 ## - PUNTO DE ACCESO ADICIONAL DE MATERIA--TÉRMINO DE MATERIA |
| Término de materia o nombre geográfico como elemento inicial |
ESTRATEGIA DIDÁCTICA |
| 650 ## - PUNTO DE ACCESO ADICIONAL DE MATERIA--TÉRMINO DE MATERIA |
| Término de materia o nombre geográfico como elemento inicial |
APRENDIZAJE DE LA BIOLOGÍA |
| 650 ## - PUNTO DE ACCESO ADICIONAL DE MATERIA--TÉRMINO DE MATERIA |
| Término de materia o nombre geográfico como elemento inicial |
FUNCIONES COGNITIVAS |
| 942 ## - ELEMENTOS DE PUNTO DE ACCESO ADICIONAL (KOHA) |
| Fuente del sistema de clasificación o colocación |
Clasificación Decimal Dewey |
| Tipo de ítem Koha |
Libros |
| 999 ## - NÚMEROS DE CONTROL DE SISTEMA (KOHA) |
| Koha biblionumber |
14400 |